[Event "2nd Sharjah Masters 2018"]
[Site "Sharjah"]
[Date "2018.04.14"]
[Round "3"]
[White "Ahmed, Fareed"]
[Black "El Jawich, Amro"]
[Result "0-1"]
[WhiteElo "1989"]
[BlackElo "2254"]
[Annotator "TA"]
[PlyCount "66"]
[EventDate "2018.??.??"]
[EventType "swiss"]
[EventCountry "UAE"]
[SourceTitle "playchess.com"]
[Source "ChessBase"]
[SourceQuality "1"]

{[%evp 19,66,4,0,-4,12,-79,-15,-10,-17,-15,0,-216,-202,-206,-227,-229,-235,-217,-215,-255,-283,-565,-563,-566,-564,-568,-568,-567,-554,-583,-573,-568,-565,-706,-695,-704,-686,-820,-818,-795,-757,-977,-867,-972,-960,-943,-922,-1128,-1112]} 1. e4 c5 2. Nf3 Nc6 3. Nc3 d6 4. d4 cxd4 5. Nxd4 Nf6 6. Bc4 e6 7. Bb3 a6 8. Be3 Qc7 9. Qe2 {B88: Sicilian: Sozin Attack} (9. f4 Na5 10. Qf3 b5 11. f5 Nxb3 12. cxb3 Qb7 13. fxe6 fxe6 14. O-O Be7 15. e5 Qxf3 16. Nxf3 dxe5 17. Nxe5 Bb7 18. Rad1 {½-½ (84) Delchev,A (2586)-Vovk,A (2632) Wunsiedel 2016}) 9... Bd7 10. O-O-O b5 {LiveBook: 3 Games} 11. Bg5 {The position is equal.} Be7 12. Rhe1 $146 (12. Bxf6 $11 gxf6 13. Nxc6 Qxc6 14. Kb1) ({Predecessor:} 12. Bxf6 gxf6 13. Qh5 Nxd4 14. Rxd4 Qc5 15. Qd1 Qg5+ 16. Rd2 b4 17. Ne2 a5 {0-1 (30) Schroeder,C-Longwitz,A Germany North 1981}) 12... b4 (12... O-O $17 13. a3 Nxd4 14. Rxd4 h6) 13. Nxc6 $11 Bxc6 14. Bxf6 $1 gxf6 ({Reject} 14... Bxf6 15. Nd5 $1 $14 {[%mdl 512]}) 15. Nd5 $2 (15. Nb1 $1 $11 {and White stays safe.}) 15... exd5 $19 16. exd5 Bb5 17. Qg4 {[#]} a5 $1 18. Re3 {Threatens to win with Rde1.} Kd8 19. Rde1 Re8 {Hoping for ...a4.} 20. Kb1 $2 (20. c3 {might work better.}) 20... a4 {Black is clearly winning.} 21. Qxb4 axb3 22. axb3 Qa5 23. Qxa5+ Rxa5 24. Rh3 Bf8 {[%cal Re8e1]} 25. Rxe8+ Bxe8 26. c4 Bd7 {White must now prevent ...Bf5+.} 27. Rf3 f5 {[%cal Bf6f5,Bf5f4][%mdl 32]} 28. Rh3 f4 29. Rh5 h6 30. Rh4 Bf5+ 31. Kc1 {[#]} f3 $1 32. gxf3 Be7 33. Rd4 Bf6 {Precision: White = 28%, Black = 72%.} 0-1

[Event "2nd Sharjah Masters 2018"]
[Site "Sharjah"]
[Date "2018.04.14"]
[Round "3"]
[White "Priyanka Nutakki"]
[Black "Maghsoodloo, Parham"]
[Result "0-1"]
[WhiteElo "1957"]
[BlackElo "2615"]
[Annotator "TA"]
[PlyCount "60"]
[EventDate "2018.??.??"]
[EventType "swiss"]
[EventCountry "UAE"]
[SourceTitle "playchess.com"]
[Source "ChessBase"]
[SourceQuality "1"]

{[%evp 26,60,26,-3,0,-9,-2,-31,-13,-8,-6,-15,-14,-118,-111,-111,-121,-189,-166,-292,-309,-291,-282,-478,-465,-547,-566,-558,-566,-540,-562,-569,-556,-550,-550,-517,-458]} 1. e4 c5 2. Nf3 Nc6 3. d4 cxd4 4. Nxd4 Nf6 5. Nc3 d6 6. f3 e5 7. Nb3 Be7 8. Be3 O-O 9. Qd2 Be6 10. O-O-O a5 11. Bb5 Na7 {B56: Classical Sicilian: Unusual Lines} (11... Qb8 12. g4 a4 13. Nxa4 d5 14. g5 d4 15. gxf6 dxe3 16. Qxe3 Bxf6 17. Bxc6 bxc6 18. Nbc5 Bxa2 19. Nd7 {½-½ (80) Vachier Lagrave,M (2796)-Grischuk,A (2761) Paris 2017}) 12. Be2 Nc8 13. Bb5 Na7 14. Be2 {LiveBook: 15 Games} (14. Bxa7 $5 Rxa7 15. Kb1 $11) 14... b5 15. Bxa7 ({Much worse is} 15. Nxb5 Nxb5 16. Bxb5 a4 $17) 15... Rxa7 16. Nxb5 Ra8 $1 {Threatens to win with ...a4.} 17. Kb1 a4 18. Nc1 Qb6 19. Bd3 $146 (19. c4 $11 {remains equal.}) ({Predecessor:} 19. c4 Rfc8 20. b3 axb3 21. axb3 {1-0 (32) Mrdja,M (2418)-Magyar,A (2262) Oberwart 2009}) 19... d5 20. exd5 Nxd5 21. Rde1 (21. Rhe1 $17) 21... Bf6 22. Ne2 (22. Re4 $142) 22... Rab8 $19 23. c4 Ne3 24. Nec3 $2 (24. c5 {was the only chance.} Qxc5 25. Nec3) 24... Nxc4 {Black is clearly winning.} 25. Bxc4 Bxc4 26. Na3 {[#]} Bd3+ $1 {[%mdl 512]} 27. Ka1 {[#]} (27. Qxd3 Qxb2#) 27... Bg5 $1 {[%mdl 512]} 28. Nxa4 (28. Qxg5 Qxb2#) 28... Bxd2 29. Nxb6 Bxe1 ({Worse is} 29... Rxb6 30. Rd1 $11) 30. Nd7 Bb4 {Precision: White = 42%, Black = 86%.} 0-1